000 00424nam a2200181Ia 4500
005 20240823030339.0
008 240823s9999||||xx |||||||||||||| ||und||
041 _aENGLISH
082 _A158.1 P7
100 _aDale Carnegie
245 0 _aHow to stop worrying and start Living
250 _a1st
260 _c2007
_bMassive Publi
500 _aYES
650 _aHow to stop
_bGeneral
942 _cBK
999 _c188480
_d188480